| 000 | 01339nam a2200289 i 4500 | ||
|---|---|---|---|
| 003 | EG-ScBUE | ||
| 005 | 20240226100207.0 | ||
| 008 | 180206s2017 ua o f 000 0cara d | ||
| 040 |
_aEG-ScBUE _bara _erda _cEG-ScBUE _dEG-ScBUE |
||
| 043 | _af-ua--- | ||
| 082 | 0 | 4 |
_a962.099 _bم ص ر _222 |
| 110 | 2 |
_aدار الهلال. _bمركز الهلال للتراث الصحفي، _eمؤلف. |
|
| 245 | 1 | 0 |
_aمصر والمصريون في الحرب والسلم : _bشخصيات وأحداث 200 عام / _cمركز الهلال للتراث الصحفي، دار الهلال. |
| 246 | 3 |
_aمصر والمصريون في الحرب والسلم : _bشخصيات وأحداث مائتي عام |
|
| 264 | 1 |
_aالقاهرة : _bدار الهلال، مركز الهلال للتراث الصحفي، _c2017. |
|
| 300 |
_a2 مجلد : _bصور ؛ _c30 سم |
||
| 336 |
_2rdacontent _aنص _btxt |
||
| 337 |
_aبدون وسيط _2rdamedia _bn |
||
| 338 |
_aمجلد _bnc _2rdacarrier |
||
| 505 | 0 | _aالمجلد الأول -- المجلد الثاني. | |
| 541 |
_aأستاذ محمد فريد خميس ؛ _cإهداء ؛ |
||
| 651 | 7 |
_aمصر _xتاريخ _vاعمال مصورة. _2BUEsh |
|
| 651 | 7 |
_aمصر _xملوك وحكام _vاعمال مصورة. _2BUEsh |
|
| 653 |
_bGGEN _cFebruary2018 |
||
| 655 | _vReading book | ||
| 942 | _2ddc | ||
| 999 |
_c26112 _d26084 |
||